000 00232nam a22000977a 4500
008 230629b xxu||||| |||| 00| 0 eng d
082 _a338.91
_bKEN
245 _aKenyan- German Co-operation
_b1984/85
300 _a65p
942 _2ddc
_cBK
999 _c2990
_d2990